Flags with One circle in the Centre - Statistics

General Stats
  • This quiz has been taken 15 times
  • The average score is 5 of 15
Answer Stats
Hint Answer % Correct
Asia Japan
100%
South America Brazil
67%
Asia India
53%
Asia Laos
40%
Africa Niger
40%
South America Paraguay
40%
North America Dominica
27%
North America Grenada
27%
Europe North Macedonia
27%
Asia South Korea
27%
Africa Tunisia
20%
North America Belize
13%
Africa Burundi
13%
Africa Ethiopia
13%
Africa Uganda
13%
No matching quizzes found
Score Distribution
Percent of People with Each Score
Percentile by Number Answered
Your Score History
You have not taken this quiz